| 000 | 00685nam a2200181 a 4500 | ||
|---|---|---|---|
| 001 | 000037509 | ||
| 005 | 20200930080413.0 | ||
| 008 | 120420d1995 sp ac 000 0 spa d | ||
| 020 | _a8460613216 | ||
| 040 |
_aDO-SdBNP _bspa _cBNPHU |
||
| 041 | 1 | 7 |
_aspa. _bglg |
| 245 | 0 | 0 |
_aEstudos adicados a Fr. Martín Sarmiento : _bartigos tirados dos Cuadernos de estudios gallegos (1945-1982) /. |
| 260 |
_aSantiago de Compostela : _bConsejo Superior de Investigaciones Científicas : _bInstituto "Padre Sarmiento", _c1995. |
||
| 300 |
_aXIX, 545 p. : _bil., retrs. ; _c24 cm. |
||
| 500 | _aIncluye notas al pie de las páginas | ||
| 500 | _aIncluye textos en gallego | ||
| 504 | _aBibliografía : | ||
| 999 |
_c36999 _d36999 |
||